000 00465nam a2200181Ia 4500
001 1138
005 20260306140609.0
008 260306t2004||||xx |||||||||||||| ||spa||
041 _aESP
082 _a184
_bP66J
100 _aReale, Giovanni
_eAUT
245 0 _aEros, demonio mediador:
_bel juego de las máscaras en el banquete de Platón
260 _c2004
300 _a267 páginas :
_c20 cm.
650 _aGEN
654 _aCHU
942 _cLIB
_dJUS
_fJUS
_2ddc
_n
999 _c1138
_d1138